书目信息 |
| 题名: |
SF6高压电器设计
|
|
| 作者: | 黎斌 著 | |
| 分册: | ||
| 出版信息: | 北京 机械工业出版社 2010 |
|
| 页数: | 14,326页 | |
| 开本: | 26cm | |
| 丛书名: | ||
| 单 册: | ||
| 中图分类: | TM510.2 | |
| 科图分类: | ||
| 主题词: | 高压电器--设计 , 高压电器 | |
| 电子资源: | ||
| ISBN: | 978-7-111-28569-4 | |
| 000 | 00811nam0 2200265 45 | |
| 001 | 1050687593 | |
| 005 | 20100420094750.24 | |
| 010 | @a978-7-111-28569-4@dCNY80.00 | |
| 100 | @a20100407d2010 em y0chiy50 ea | |
| 101 | 0 | @achi |
| 102 | @aCN@b110000 | |
| 105 | @aa z 000yy | |
| 106 | @ar | |
| 200 | 1 | @aSF6高压电器设计@ASF6 Gao Ya Dian Qi She Ji@f黎斌著@FLi Bin Zhu |
| 205 | @a3版 | |
| 210 | @a北京@c机械工业出版社@d2010 | |
| 215 | @a14,326页@c图@d26cm | |
| 300 | @a题名中“6”为右下角标 | |
| 330 | @a本书介绍了SF6气体的理化电气特性和SF6气体管理方面的研究成果,总结了SF6高压电器的结构设计经验及设计计算方法等。 | |
| 606 | 0 | @a高压电器@x设计 |
| 606 | 0 | @a高压电器 |
| 690 | @aTM510.2@v4 | |
| 701 | 0 | @a黎斌@ALi Bin@4著 |
| 801 | 0 | @aCN@bTANGWEI@c20100420 |
| 905 | @b0589512-16@dTM510.2@e24=3@f5 | |
| SF6高压电器设计/黎斌著.-3版.-北京:机械工业出版社,2010 |
| 14,326页:图;26cm |
| 题名中“6”为右下角标 |
| ISBN 978-7-111-28569-4:CNY80.00 |
| 本书介绍了SF6气体的理化电气特性和SF6气体管理方面的研究成果,总结了SF6高压电器的结构设计经验及设计计算方法等。 |
| ● |
| 相关链接 |
|
|
|
|
正题名:SF6高压电器设计
索取号:TM510.2/24=3
 
预约/预借
| 序号 | 登录号 | 条形码 | 馆藏地/架位号 | 状态 | 备注 |
| 1 | 0589512 | 205895129 | 第二样本阅览室/ [索取号:TM510.2/24=3] | 在馆 | |
| 2 | 0589513 | 205895138 | 第三借阅区/ [索取号:TM510.2/24=3] | 在馆 | |
| 3 | 0589514 | 205895147 | 第三借阅区/ [索取号:TM510.2/24=3] | 在馆 | |
| 4 | 0589515 | 205895156 | 第三借阅区/ [索取号:TM510.2/24=3] | 在馆 | |
| 5 | 0589516 | 205895165 | 第三借阅区/ [索取号:TM510.2/24=3] | 在馆 |